000 00576nam a22002057a 4500
003 OSt
008 260504b |||||||| |||| 00| 0 eng d
082 _a633.11
_bB53S
100 _aBinod Kumar
245 _aStudies on Nitrogen Managment for Optimising Wheat Production in Kharif Crops-Wheat Sequences /
_cby Binod Kumar
260 _a.- Pusa, Samastipur
_b: RAU
_c, 1995
300 _a187p.
502 _bPh. D.
_d1995
650 _aAgronomy
650 _aWheat Production
650 _aCrop-Wheat Sequences
650 _aThesis
650 _aPh. D.
942 _2ddc
_cT
999 _c50390
_d50390